The Settings of Movies on the Map - Statistics

General Stats
  • This quiz has been taken 445 times
    165 since last reset
  • The average score is 10 of 23
Answers on the Map
Answers color-coded by a green-red scale on the quiz's map according to % correct below.
 
Answer Stats
Setting Release Film % Correct
1941 1942 Casablanca
77%
1297 1995 Braveheart
71%
1912 1997 Titanic
66%
1916 1962 Lawrence of Arabia
64%
Dystopian 1979 Mad Max
60%
1944 1998 Saving Private Ryan
59%
1948 1982 Gandhi
55%
1943 1993 Schindler's List
52%
1987 1996 Fargo
44%
1861 1939 Gone with the Wind
43%
1942 2023 Oppenheimer
43%
1791 1984 Amadeus
41%
1993 2001 Black Hawk Down
40%
1936 1981 Raiders of the Lost Ark
40%
1969 1979 Apocalypse Now
38%
1979 2012 Argo
36%
1980 1983 Scarface
34%
1938 1965 The Sound of Music
34%
1943 1957 Bridge on the River Kwai
29%
1913 1985 Out of Africa
26%
1900 1939 The Wizard of Oz
21%
1944 1997 Seven Years in Tibet
20%
1943 1970 Patton
17%
No matching quizzes found
Score Distribution
Percent of People with Each Score
Percentile by Number Answered
Your Score History
You have not taken this quiz since the last reset